00843nam a2200157 a 450000100100000000500170001000800410002704000250006810000330009324500870012624602930021326000360050630000210054295201050056399900170066800004051220201002034200.0130828s1997 dr 000 0 spa d aDO-SdBNPbspacBNPHU1 aLuna Paulino, Luis A.96477210aPríncipios de derecho procesal penal militar dominicano /cLuis A. Luna Paulino.14aPríncipios de derecho procesal penal militar dominicano :ben consonancia con : el código de justicia de la Fuerzas Armadas, derecho suplementario (código de procedimiento criminal y otras disposiciones), doctrina dominicana y francesa, jurisprudencia dominicana y derecho comparado aSanto Domingo :b[s.n.],c1997. a254 p. ;c22 cm. 0010718PDaPDbPDcCTd2013-08-28iLF1l0o p40512-10r2020-06-25w2020-06-25yLFPDZNo se presta c40002d40002